Statistics for Every actor who played the Joker

Click here to take the quiz!

General Stats

  • This quiz has been taken 37 times
  • The average score is 5 of 28

Answer Stats

HintAnswer% Correct
JJoaquin Phoenix
89%
JJack Nicholson
86%
HHeath Ledger
79%
JJared Leto
71%
MMark Hamill
64%
CCesar Romero
61%
CCameron Monaghan
18%
TTroy Baker
18%
ZZach Galifianakis
14%
JJohn Dimaggio
7%
AAlan Tudyk
4%
DDee Bradley Baker
4%
JJeff Bennett
4%
KKevin Richardson
4%
MMichael Emerson
4%
CChristopher Corey Smith
0%
DDavid U. Hodges
0%
DDawson Haase
0%
HHugo Blick
0%
JJason Spisak
0%
JJeff Bergman
0%
LLarry Storch
0%
MMatthieu Lemeunier
0%
PPierre Hatet
0%
RRandy Spears
0%
RRod Navarro
0%
TTony Hale
0%
WWataru Takagi
0%

Score Distribution

Percentile by Number Answered

Percent of People with Each Score

Your Score History

You have not taken this quiz